LEADER 05665nam 2200697 450 001 9910789171903321 005 20230803201624.0 010 $a3-03826-299-4 035 $a(CKB)3710000000074811 035 $a(EBL)1910479 035 $a(SSID)ssj0001128361 035 $a(PQKBManifestationID)11602778 035 $a(PQKBTitleCode)TC0001128361 035 $a(PQKBWorkID)11059388 035 $a(PQKB)11471699 035 $a(Au-PeEL)EBL1910479 035 $a(CaPaEBR)ebr10814342 035 $a(OCoLC)865825096 035 $a(MiAaPQ)EBC1910479 035 $a(EXLCZ)993710000000074811 100 $a20131214h20142014 uy| 0 101 0 $aeng 135 $aurcnu|||||||| 181 $ctxt 182 $cc 183 $acr 200 10$aTesting and evaluation of inorganic materials IV $eselected, peer reviewed papers from the Fourth Annual Meeting on Testing and Evaluation of Inorganic Materials, June 7-9, 2013, Guilin, China /$fedited by Yiwang Bao, Danyu Jiang and Jianghong Gong 210 1$aDurnten-Zurich, Switzerland :$cTrans Tech Publications Ltd,$d[2014] 210 4$d©2014 215 $a1 online resource (366 p.) 225 1 $aKey engineering materials,$x1013-9826 ;$vvolume 591 300 $aDescription based upon print version of record. 311 $a3-03785-918-0 320 $aIncludes bibliographical references and indexes. 327 $aTesting and Evaluation of Inorganic Materials IV; Preface; Table of Contents; Chapter 1: Chemical Composition and Microstructure; Determination of Oxygen Content in Pervoskite-Type Cathode Coatings; Raman Spectroscopy Study of YSZ Co-Doped with CeO2/Gd2O3; Fourier Transformation Infrared Spectrum Characteristics of Synthetic Zeolite A; Microstructure and Chemical Composition of Boron Nitride Fibers; Characterization and Thermal Decomposition Process of ZrC Ceramic Organic Precursor; Rheological Property of Intercalated Modification Clay 327 $aPreparation and Characterization of SiO2 Nano/Submicron-Rods by Catalytic Pyrolysis of a Polymer Precursor Preparation and Development of Bioglass by Sol-Gel Method; Study on Na2O-B2O3-SiO2-CaO-P2O5-F System Glass-Ceramics; Pore Structure Analysis on Hardened Paste of CaO-Al2O3-P2O5 Cement; Pore Structure and Microstructure of Super Light-Weight Foam Concrete Reinforced by Inorganic Fiber; Effect of WO3 Doping on Microstructural and Electrical Properties of ZnO-Pr6O11 Based Varistor Materials 327 $aInfluence of Process Parameters on Surface Morphology of Ceramic Layer Prepared by Micro Arc Oxidation on Aluminum Alloy 6061 Preparation and Characterization of ZrO2 Coating by Sol-Gel on Mullite Short Fiber; Low Sintering Temperature for Li-, Sb-, and Ta- Modified (K,Na)NbO3-Based Ceramics from Nanopowders; Spark Plasma Sintered WC-Ni Cemented Carbides with Various Contents of ZrC Nano-Powder; Composition Modification and Mechanical Properties of Solidified TiB2-Based Ceramic Prepared by Combustion Synthesis in Ultra-High Gravity Field 327 $aMicrostructures and Properties of TiC-TiB2 Composites Prepared by Combustion Synthesis in Enhanced High-Gravity Field Microstructure and Fracture Behavior of the Joint of Solidified TiB2 Ceramic with Ti-6Al-4V Achieved by Reaction Fusion Bonding in Ultrahigh-Gravity Field; Effect of N2 Flow Rate on Structure and Mechanical Properties of CrN Coatings Prepared by Closed Field Unbalanced Magnetron Sputtering; Influence of Substrate Temperature and Bias Voltage on Structure and Mechanical Properties of CrN Coatings; Large Remanent Polarization of Pm2O3-Doped Bi4Ti3O12 Films 327 $aResearch Progress in Bioactive Glasses for Implant Materials Effect of Two Kinds of Rare Earth Oxides on Zirconia Restoration; Microstructure and Properties of Resin-Based Pyrocarbon with Micro-Nano Structure Carbon and TiO2 as Additives; Effect of Oxidant on the Leaching Rate of Indium from Water Quenching Slag; Fabrication of Nano Zeolite P from Coal Fly Ash by Combining Alkaline - Fusion and Hydrothermal Reactions; Preparation of Geopolymer Using Electrolytic Manganese Residue; Characterization of MCM-41 Mesoporous Silica Supported 2-Carboxyethyl Phenyl Phosphinic Acid 327 $aCharacterization of Layered Double Hydroxide Modified with Sodium Dodecyl Sulfate and its Dispersion in Polyethylene 330 $aCollection of selected, peer reviewed papers from the Fourth Annual Meeting on Testing and Evaluation of Inorganic Materials, June 7-9, 2013, Guilin, China. The 77 papers are grouped as follows: Chapter 1: Chemical Composition and Microstructure; Chapter 2: Mechanical and Physical Properties; Chapter 3: Testing Techniques and Devices. The meeting focused on the mechanical, chemical, and physical properties and the microstructure of ceramics, glass, and concrete and on techniques for testing such properties. The 77 papers include discussions of the microstructure and chemical composition of bor 410 0$aKey engineering materials ;$vv. 591. 606 $aMaterials$xTesting$vCongresses 606 $aCeramics$xTesting$vCongresses 606 $aGlass$xTesting$vCongresses 606 $aConcrete$xTesting$vCongresses 615 0$aMaterials$xTesting 615 0$aCeramics$xTesting 615 0$aGlass$xTesting 615 0$aConcrete$xTesting 676 $a620.110287 701 $aBao$b Yiwang$01505201 701 $aJiang$b Danyu$01505202 701 $aGong$b Jianghong$01505203 801 0$bMiAaPQ 801 1$bMiAaPQ 801 2$bMiAaPQ 906 $aBOOK 912 $a9910789171903321 996 $aTesting and evaluation of inorganic materials IV$93734666 997 $aUNINA LEADER 05939oam 22013094 450 001 9910962967603321 005 20250426110913.0 010 $a9786612845246 010 $a9781462342150 010 $a1462342159 010 $a9781282845244 010 $a1282845241 010 $a9781451959802 010 $a145195980X 035 $a(CKB)3390000000010811 035 $a(MiAaPQ)EBC3012606 035 $a(IMF)MFIFA2009003 035 $aMFIFA2009003 035 $a(EXLCZ)993390000000010811 100 $a20020129d2009 uf 0 101 0 $afre 135 $aurcnu|||||||| 181 $ctxt$2rdacontent 182 $cc$2rdamedia 183 $acr$2rdacarrier 200 10$aFinances & Développement, septembre 2009 205 $a1st ed. 210 1$aWashington, D.C. :$cInternational Monetary Fund,$d2009. 215 $a1 online resource (60 pages) 225 1 $aFinance & Development 327 $aIntro -- Dossier -- Comment entretenir la reprise mondialeLa reprise s'amorce. Pour qu'elle ne s'essouffle -- Question de mode dans la finance mon -- Rebâtir l'architecture financière -- Cap sur demain -- La croissance après la crise -- L'avenir des monnaies de réserve -- Repenser le système -- Les signaux de la prochaine crise -- Visages de la crise -- La croissance des portables -- Le changement comme promis -- Rubriques -- En bref -- Paroles d'économistes -- Pleins feux -- L'ABC de l'économie -- Notes de lecture -- Gros plan. 330 3 $aLa sortie de la récession la plus profonde des 60 dernières années est engagée. Mais pour entretenir la reprise, les pays devront bien doser leur action, aux plans national et international. Olivier Blanchard, Chef économiste du FMI, donne le ton en rappelant dans son article que le redressement ne sera pas aisé. La crise a laissé de profondes séquelles qui pèseront encore pendant longtemps sur l?offre et la demande. Cette édition de F&D se penche sur l?évolution à venir de la crise mondiale et sur son issue. Comment dénouer les politiques de relance? Quelle croissance après la crise? Comment reconstruire l?architecture financière? Quel est l?avenir des monnaies de réserves? Jeffrey Frankel examine ce qui est en vogue et ce qui ne l?est plus dans la finance internationale, et une équipe du Département des études analyse ce que l?on est en droit d?attendre des systèmes d?alerte précoce. Dans la rubrique «Paroles d?économistes», nous nous entretenons avec Daniel Kahneman, lauréat du Prix Nobel et pionnier de l?économie comportementale. La section «Pleins feux» trace, quant à elle, la chronologie du taux directeur de la Banque d?Angleterre qui a atteint son plus bas niveau en trois cents ans. « L?ABC de l?économie » rappelle les principes de la politique monétaire, tandis que « Gros plan » porte sur les effets de la crise pour le système bancaire de l'Est de l'Europe. 410 0$aFinance & Development; Finance & Development ;$vNo. 0046/003 517 1 $aFinances et Developpement : Et maintenant,dans quelle direction aller? 606 $aBanks and Banking$2imf 606 $aFinancial Risk Management$2imf 606 $aMacroeconomics$2imf 606 $aMoney and Monetary Policy$2imf 606 $aSocial Services and Welfare$2imf 606 $aMonetary Systems$2imf 606 $aStandards$2imf 606 $aRegimes$2imf 606 $aGovernment and the Monetary System$2imf 606 $aPayment Systems$2imf 606 $aFinancial Crises$2imf 606 $aBanks$2imf 606 $aDepository Institutions$2imf 606 $aMicro Finance Institutions$2imf 606 $aMortgages$2imf 606 $aGovernment Policy$2imf 606 $aProvision and Effects of Welfare Program$2imf 606 $aFinancing Policy$2imf 606 $aFinancial Risk and Risk Management$2imf 606 $aCapital and Ownership Structure$2imf 606 $aValue of Firms$2imf 606 $aGoodwill$2imf 606 $aEconomic & financial crises & disasters$2imf 606 $aMonetary economics$2imf 606 $aBanking$2imf 606 $aLabour$2imf 606 $aincome economics$2imf 606 $aFinancial crises$2imf 606 $aCurrencies$2imf 606 $aEarly warning systems$2imf 606 $aLabor$2imf 606 $aBanks and banking$2imf 606 $aMoney$2imf 606 $aPoverty$2imf 606 $aCrisis management$2imf 606 $aIncome economics$2imf 607 $aUnited States$2imf 615 7$aBanks and Banking 615 7$aFinancial Risk Management 615 7$aMacroeconomics 615 7$aMoney and Monetary Policy 615 7$aSocial Services and Welfare 615 7$aMonetary Systems 615 7$aStandards 615 7$aRegimes 615 7$aGovernment and the Monetary System 615 7$aPayment Systems 615 7$aFinancial Crises 615 7$aBanks 615 7$aDepository Institutions 615 7$aMicro Finance Institutions 615 7$aMortgages 615 7$aGovernment Policy 615 7$aProvision and Effects of Welfare Program 615 7$aFinancing Policy 615 7$aFinancial Risk and Risk Management 615 7$aCapital and Ownership Structure 615 7$aValue of Firms 615 7$aGoodwill 615 7$aEconomic & financial crises & disasters 615 7$aMonetary economics 615 7$aBanking 615 7$aLabour 615 7$aincome economics 615 7$aFinancial crises 615 7$aCurrencies 615 7$aEarly warning systems 615 7$aLabor 615 7$aBanks and banking 615 7$aMoney 615 7$aPoverty 615 7$aCrisis management 615 7$aIncome economics 801 0$bDcWaIMF 906 $aBOOK 912 $a9910962967603321 996 $aFinances & Développement, septembre 2009$94346557 997 $aUNINA